The German record : A political portrait
Zapisane w:
| 1. autor: | |
|---|---|
| Format: | Książka |
| Język: | Undetermined |
| Wydane: |
New York
Rinehart & Company
1945
|
| Hasła przedmiotowe: | |
| Etykiety: |
Dodaj etykietę
Nie ma etykietki, Dołącz pierwszą etykiete!
|
| Thư viện lưu trữ: | Trung tâm Học liệu Trường Đại học Cần Thơ |
|---|
| LEADER | 00585nam a2200205Ia 4500 | ||
|---|---|---|---|
| 001 | CTU_81011 | ||
| 008 | 210402s9999 xx 000 0 und d | ||
| 082 | |a 943 | ||
| 082 | |b E15 | ||
| 100 | |a Ebenstein, William | ||
| 245 | 4 | |a The German record : | |
| 245 | 2 | |b A political portrait | |
| 245 | 0 | |c William Ebenstein | |
| 260 | |a New York | ||
| 260 | |b Rinehart & Company | ||
| 260 | |c 1945 | ||
| 650 | |a Germany | ||
| 650 | |x Politics and government | ||
| 904 | |i Nguyên,Hải sửa số pl 943/W716 thành 943/E15 | ||
| 980 | |a Trung tâm Học liệu Trường Đại học Cần Thơ | ||